In suspect terrain /

Saved in:
Bibliographic Details
Main Author: McPhee, John A.
Format: Book
Language:English
Published: New York : Farrar, Straus, Giroux, 1983.
Subjects:
LEADER 00840nam a2200241 a 4500
001 c000005952
003 CARM
005 00000000000000.0
008 821109s1983 nyu 00010 eng
019 1 |a 2363616  |z 23067280  |5 LACONCORD2021 
020 |a 0374176507 :  |c $11.50 
035 |a (OCoLC)9016439  |5 LACONCORD2021 
043 |a n-usl-- 
050 0 0 |a QE78.3  |b .M36 1983 
100 1 |a McPhee, John A. 
245 1 0 |a In suspect terrain /  |c John McPhee. 
260 |a New York :  |b Farrar, Straus, Giroux,  |c 1983. 
300 |a 209 p. ;  |c 22 cm. 
650 0 |a Geology  |z Northeastern States. 
852 8 |b CARM  |h A2:AE02A0  |i B00845  |p 0043150  |f BK 
082 0 4 |a 550  |2 19 
999 f f |i d9cafbb3-f7f6-5755-afd0-72eef07b3660  |s 06650b71-2dc2-5b5a-b57b-c049ecccd91d 
952 f f |p Can circulate  |a CAVAL  |b CAVAL  |c CAVAL  |d CARM 1 Store  |e B00845  |f A2:AE02A0  |h Other scheme  |i book  |m 0043150